00666nam a2200241 a 4500001001300000003000900013005001700022008004100039020001000080082001300090100001500103245003700118260003400155300000900189500003500198505001000233650002500243700001500268902000800283942000700291952011300298999001300411nice12345678IN_TiNIC20260116011313.0050524s1898 lona grp 000 0 eng  ac10000a291bGED aGeden, A S aStudies in Comparative Religion. aLondonbCharles H Kellyc1898 a312p aincludes index and biblioraphy2 aIndex aComparative Religion1 aGeden, A S bSRS cBK 001040708StackRoom-aHMIbHMId2007-07-20g100.00l0o291 GEDp00636r2007-07-20v100.00w2005-05-24yBK c336d336